[Event "Gera-2"]
[Site "http://www.queenalice.com/game.php?id=1336467"]
[Date "2015.1.23"]
[Round "5"]
[White "dhoang"]
[Black "toomchess"]
[Result "0-1"]
[WhiteElo "2084"]
[BlackElo "2178"]

1. e4 e5 2. Nf3 Nc6 3. Bc4 Nf6 4. Nc3 Bc5 5. O-O O-O 6. d3 h6 7. h3 d6 8. Qe2
Nh7 9. Be3 Bb6 10. a3 Kh8 11. Nd5 f5 12. exf5 Bxf5 13. Nxb6 axb6 14. Bd5 Nf6 15.
Bxc6 bxc6 16. Bd2 c5 17. Bc3 Nd5 18. Bd2 Qf6 19. Kh2 Rae8 20. c3 e4 21. dxe4
Rxe4 22. Qd1 Bg6 23. Bxh6 gxh6 24. Qxd5 Qf5 25. Qxf5 Bxf5 26. Rae1 Rfe8 27. Rxe4
Rxe4 0-1

[Event "Let's Play Chess!"]
[Site "http://www.queenalice.com/game.php?id=1410982"]
[Date "2016.2.25"]
[Round "-"]
[White "Lintz"]
[Black "dhoang"]
[Result "0-1"]
[WhiteElo "1932"]
[BlackElo "1994"]

1. e4 e5 2. Nf3 Nc6 3. Bc4 Be7 4. d4 d6 5. Nc3 exd4 6. Nxd4 Nxd4 7. Qxd4 Nf6 8.
O-O O-O 9. Qd1 a6 10. a4 h6 11. Qf3 Bg4 12. Qg3 Kh7 13. Nd5 Bh5 14. Nxf6+ Bxf6
15. Qb3 Rb8 16. Bd3 Bg6 17. f3 Qe7 18. Be3 Kg8 19. f4 Bxe4 20. Bxe4 Qxe4 21.
Rae1 Qc6 22. Bc1 Rfe8 23. f5 Re4 24. Rxe4 Qxe4 25. c4 Re8 26. Qg3 Kh7 27. Qb3
Bd4+ 28. Kh1 Qxf5 29. h3 Qxf1+ 0-1

[Event "Let's Play Chess!"]
[Site "http://www.queenalice.com/game.php?id=1410987"]
[Date "2016.2.25"]
[Round "-"]
[White "dhoang"]
[Black "Lintz"]
[Result "1-0"]
[WhiteElo "2008"]
[BlackElo "1890"]

1. d4 d5 2. Nf3 c6 3. c4 Nf6 4. Nc3 e6 5. Bf4 Nbd7 6. e3 Be7 7. Be2 O-O 8. O-O
b6 9. cxd5 exd5 10. Ne5 Bb7 11. Qc2 c5 12. dxc5 Nxc5 13. Rfd1 Qe8 14. Bf3 Bd6
15. Nd3 Bxf4 16. Nxf4 Qe5 17. Nfxd5 Nxd5 18. Bxd5 Bxd5 19. Rxd5 Qe7 20. Rad1
Rad8 21. h3 Rxd5 22. Rxd5 f6 23. Rh5 g6 24. Rd5 Rd8 25. Qd2 Rxd5 26. Qxd5+ Kg7
27. a3 Qd7 28. Qxd7+ Nxd7 29. Nb5 a5 30. Nd4 Kf7 31. f3 f5 32. Kf2 Ke7 33. Ke2
Kd6 34. Kd2 Nc5 35. b4 axb4 36. axb4 Ne6 37. Kd3 Kd5 38. Nxe6 Kxe6 39. Kd4 Kd6
40. e4 fxe4 41. fxe4 Ke6 42. e5 h5 43. Ke4 g5 44. b5 h4 45. Kd4 1-0

[Event "Let's Play Chess!"]
[Site "http://www.queenalice.com/game.php?id=1418129"]
[Date "2016.4.13"]
[Round "-"]
[White "dhoang"]
[Black "igorjava"]
[Result "1-0"]
[WhiteElo "2062"]
[BlackElo "1913"]

1. e4 c5 2. Nf3 d6 3. Bc4 Bg4 4. Bxf7+ Kxf7 5. Ng5+ Ke8 6. Qxg4 Qd7 7. Qxd7+
Nxd7 8. Ne6 Rc8 9. Nc3 Kf7 10. Ng5+ Kf6 11. d3 h6 12. Nd5+ Kg6 13. Ne6 Ngf6 14.
Nxf8+ Rcxf8 15. Nxe7+ Kh7 16. Nf5 Ne8 17. O-O Rf6 18. f4 b5 19. Bd2 b4 20. a3 g6
21. Ne3 a5 22. axb4 axb4 23. Ra7 Rf7 24. Nd5 Rhf8 25. f5 gxf5 26. Rxf5 Ne5 27.
Raxf7+ Rxf7 28. Rh5 Rf8 29. Rxh6+ Kg7 30. Re6 Nc6 31. h4 Nd4 32. Re7+ Kh8 33. c3
Ne2+ 34. Kh2 bxc3 35. bxc3 Nf6 36. Nxf6 Rxf6 37. e5 dxe5 38. Rxe5 Nf4 39. Bxf4
Rxf4 40. Rxc5 Rxh4+ 41. Kg3 Rh6 42. Kf4 Rf6+ 43. Rf5 Rc6 44. c4 Rd6 45. Rd5 Rg6
46. g4 1-0

[Event "Let's Play Chess!"]
[Site "http://www.queenalice.com/game.php?id=1418130"]
[Date "2016.4.13"]
[Round "-"]
[White "igorjava"]
[Black "dhoang"]
[Result "0-1"]
[WhiteElo "1862"]
[BlackElo "2032"]

1. e4 e5 2. f4 d6 3. Nf3 Bg4 4. Bc4 Nf6 5. d3 Nc6 6. c3 Be7 7. h3 Bxf3 8. Qxf3
Qd7 9. f5 Na5 10. Bb3 a6 11. Bc2 d5 12. b4 dxe4 13. dxe4 Nc4 14. O-O O-O-O 15.
a4 Kb8 16. Rd1 Qc6 17. Bd3 Nd6 18. b5 axb5 19. axb5 Nxb5 20. Bxb5 Qxb5 21. Be3
Rxd1+ 22. Qxd1 Rd8 23. Ba7+ Kc8 24. Qc2 Bc5+ 25. Bxc5 Qxc5+ 26. Kh1 Kd7 27. Qb3
Ke7 28. Na3 Nxe4 29. Qb4 Qxb4 30. cxb4 Ng3+ 31. Kh2 Nxf5 32. b5 Ra8 33. Nc2 Rxa1
34. Nxa1 Nd4 35. b6 cxb6 0-1

[Event "Challenge 3"]
[Site "http://www.queenalice.com/game.php?id=1418457"]
[Date "2016.4.15"]
[Round "-"]
[White "Lintz"]
[Black "dhoang"]
[Result "0-1"]
[WhiteElo "1953"]
[BlackElo "2041"]

1. e4 e5 2. Nf3 Nc6 3. Bc4 Be7 4. d4 d6 5. dxe5 dxe5 6. O-O Nf6 7. Nc3 O-O 8. a3
Bg4 9. Be3 Nd4 10. Be2 Nxe2+ 11. Qxe2 c6 12. h3 Bxf3 13. Qxf3 Qc7 14. Rfd1 h6
15. Rd2 Rad8 16. Rad1 Nd7 17. Qg4 Nf6 18. Qf5 Rxd2 19. Rxd2 a6 20. b4 Rd8 21.
Rxd8+ Bxd8 22. Qf3 Be7 23. Qd1 a5 24. Na2 axb4 25. axb4 Nxe4 26. c4 Nd6 27. c5
Nf5 28. Bc1 Bf6 29. f3 Nd4 30. Qd3 b6 31. cxb6 Qxb6 32. Be3 Bg5 33. Bf2 Qb5 34.
Qd1 Qc4 35. Qb1 Bd2 36. Bxd4 exd4 37. Kf2 Be3+ 38. Kg3 Qe2 39. Qe4 Qf2+ 40. Kg4
Qxg2+ 0-1

[Event "Challenge 4"]
[Site "http://www.queenalice.com/game.php?id=1418458"]
[Date "2016.4.15"]
[Round "-"]
[White "dhoang"]
[Black "Lintz"]
[Result "1-0"]
[WhiteElo "2019"]
[BlackElo "1940"]

1. e4 e5 2. Nf3 Nf6 3. Nc3 d6 4. Bc4 Be7 5. O-O c6 6. d4 b5 7. Bd3 Bg4 8. h3 Bh5
9. dxe5 dxe5 10. Be2 Nbd7 11. a3 a5 12. Be3 Bg6 13. Bd3 O-O 14. Qe2 Bc5 15. Bxc5
Nxc5 16. Nxe5 Qc7 17. Nxg6 fxg6 18. Qe3 Nxd3 19. cxd3 Rfe8 20. Qc5 Rac8 21. f4
Nd7 22. Qf2 a4 23. Rac1 Rf8 24. Nxb5 Qb8 25. Na7 Rc7 26. Nxc6 1-0

[Event "game 1"]
[Site "http://www.queenalice.com/game.php?id=1422825"]
[Date "2016.5.13"]
[Round "-"]
[White "dhoang"]
[Black "Bategoll"]
[Result "1-0"]
[WhiteElo "2053"]
[BlackElo "1887"]

1. e4 e5 2. Nf3 d6 3. d4 exd4 4. Nxd4 Be6 5. Bd3 Nf6 6. O-O Nc6 7. Be3 Nxd4 8.
Bxd4 Be7 9. f4 Bg4 10. Qe1 c5 11. Bc3 Qc7 12. e5 dxe5 13. fxe5 Nd5 14. Qe4 Nxc3
15. Qxg4 Nxb1 16. Bb5+ Kf8 17. Qf5 Bf6 18. exf6 g6 19. Qg5 Qb6 20. Qh6+ 1-0

[Event "one"]
[Site "http://www.queenalice.com/game.php?id=1423636"]
[Date "2016.5.19"]
[Round "-"]
[White "dhoang"]
[Black "bobifixer"]
[Result "0-1"]
[WhiteElo "2053"]
[BlackElo "2012"]

1. e4 c6 2. d4 d5 3. exd5 cxd5 4. Bd3 Nf6 5. Nf3 g6 6. O-O Bg7 7. h3 O-O 8. Be3
Nc6 9. Nbd2 a6 10. c3 b5 11. Nb3 Nd7 12. Re1 Bb7 13. a3 e5 14. dxe5 Ndxe5 15.
Nxe5 Nxe5 16. Bd4 Nxd3 17. Qxd3 Bc8 18. Bxg7 Kxg7 19. Rad1 Bf5 20. Qxd5 Qxd5 21.
Rxd5 Be6 22. Rxe6 fxe6 23. Rd7+ Kh6 0-1

[Event "two"]
[Site "http://www.queenalice.com/game.php?id=1423637"]
[Date "2016.5.19"]
[Round "-"]
[White "bobifixer"]
[Black "dhoang"]
[Result "1-0"]
[WhiteElo "1993"]
[BlackElo "2072"]

1. Nf3 d5 2. d4 Nf6 3. g3 e6 4. Bg5 Be7 5. Bxf6 Bxf6 6. Bg2 O-O 7. O-O Nd7 8. c3
c5 9. dxc5 Nxc5 10. Nfd2 Qb6 11. Qc2 Bd7 12. Na3 Ba4 13. Qc1 Bc6 14. Nf3 Nd7 15.
Nc2 Rac8 16. Ncd4 Rfe8 17. Nxc6 bxc6 18. e3 Nc5 19. Rd1 h6 20. Bf1 Rb8 21. Rb1
Na4 22. Qc2 Qc7 23. Qxa4 1-0

[Event "Let's Play Chess!"]
[Site "http://www.queenalice.com/game.php?id=1423687"]
[Date "2016.5.20"]
[Round "-"]
[White "dhoang"]
[Black "ztnilz"]
[Result "1/2-1/2"]
[WhiteElo "2048"]
[BlackElo "1917"]

1. e4 e5 2. Nf3 Nc6 3. Bc4 d6 4. O-O Be7 5. h3 Nf6 6. Nc3 b6 7. d4 exd4 8. Nxd4
Nxd4 9. Qxd4 Bb7 10. Nd5 Bxd5 11. exd5 O-O 12. Be3 a6 13. Bb3 b5 14. c4 Nd7 15.
cxb5 Bf6 16. Qd2 axb5 17. Rac1 Qb8 18. a3 Re8 19. Bd4 Bxd4 20. Qxd4 Nc5 21. Bc2
Nd7 22. Rfe1 Nf6 23. Rxe8+ Qxe8 24. Bd3 Ra4 25. Qe3 Qb8 26. Qg5 h6 27. Qf5 Ra8
28. Qf3 Qb7 29. Qe2 Nxd5 30. Bxb5 Nf4 31. Qg4 Qxb5 32. Qxf4 Qxb2 33. Rxc7 Qa1+
34. Kh2 Qe5 35. Qxe5 dxe5 36. Rc3 f6 37. Kg3 Ra7 38. Kf3 Kf7 39. Ke3 f5 40. g3
g5 41. f3 h5 42. Rb3 Ra6 43. Rc3 Kf6 44. Rb3 g4 45. hxg4 fxg4 46. f4 exf4+ 47.
Kxf4 Ra4+ 48. Ke3 Ra5 49. Kf4 Rf5+ 50. Ke4 Re5+ 51. Kf4 Rf5+ 1/2-1/2

[Event "zGame#2"]
[Site "http://www.queenalice.com/game.php?id=1423865"]
[Date "2016.5.20"]
[Round "-"]
[White "ztnilz"]
[Black "dhoang"]
[Result "0-1"]
[WhiteElo "1966"]
[BlackElo "2035"]

1. e4 e5 2. Nf3 Nc6 3. Bc4 Be7 4. d4 d6 5. Nc3 exd4 6. Nxd4 Nxd4 7. Qxd4 Nf6 8.
O-O O-O 9. a4 a6 10. Re1 Bd7 11. Qd1 h6 12. Qf3 Bc6 13. Qd3 Nd7 14. Qg3 Kh7 15.
Nd5 Ne5 16. Bb3 Bh4 17. Qe3 Bxd5 18. Bxd5 c6 19. Ba2 Rc8 20. Qh3 Bf6 21. Qh5 b5
22. f4 Nc4 23. b3 Nb6 24. a5 Nd7 25. b4 Bxa1 26. Bxf7 Qf6 27. Bb3 Bc3 28. Re2
Bxb4 29. Bd2 Bxd2 30. Rxd2 Qxf4 0-1

[Event "Let's Play Chess #1"]
[Site "http://www.queenalice.com/game.php?id=1425654"]
[Date "2016.5.31"]
[Round "-"]
[White "dhoang"]
[Black "ClivetheBeard"]
[Result "0-1"]
[WhiteElo "2063"]
[BlackElo "2543"]

1. e4 c5 2. Nf3 d6 3. Nc3 a6 4. d4 cxd4 5. Nxd4 Nf6 6. Bd3 e5 7. Nf3 Be7 8. O-O
O-O 9. h3 h6 10. Be3 Be6 11. a4 Nc6 12. Qe2 Rc8 13. Rfd1 Nb4 14. a5 Re8 15. Bb6
Qd7 16. Nd2 Qc6 17. Ra4 d5 18. Raa1 d4 19. Na4 Nxc2 20. Rdc1 Nxa1 21. Rxc6 Rxc6
22. Nc4 Nd7 23. Qd1 Bxc4 24. Bxc4 Rxc4 25. Qxa1 Rec8 26. Kh2 Rc1 27. Qa2 Bg5 28.
Qb3 Bf4+ 29. g3 Be3 0-1

[Event "Let's Play Chess #2"]
[Site "http://www.queenalice.com/game.php?id=1425655"]
[Date "2016.5.31"]
[Round "-"]
[White "ClivetheBeard"]
[Black "dhoang"]
[Result "1-0"]
[WhiteElo "2542"]
[BlackElo "2055"]

1. e4 e5 2. d3 Nc6 3. Nf3 Nf6 4. c4 Be7 5. Nc3 O-O 6. Be2 d6 7. h3 h6 8. Be3 Bd7
9. g4 a6 10. Qd2 Nb4 11. d4 exd4 12. Nxd4 Nc6 13. Nf5 Re8 14. O-O-O Be6 15. h4
Bxf5 16. gxf5 Kh7 17. f4 Bf8 18. Bf3 Qe7 19. Rhg1 Na5 20. Qc2 Nxc4 21. Bd4 Nb6
22. e5 1-0

[Event "Challenge 3"]
[Site "http://www.queenalice.com/game.php?id=1428391"]
[Date "2016.6.21"]
[Round "-"]
[White "ztnilz"]
[Black "dhoang"]
[Result "0-1"]
[WhiteElo "1914"]
[BlackElo "2053"]

1. e4 e5 2. Nf3 Nc6 3. Bc4 Be7 4. c3 Nf6 5. Qc2 d5 6. exd5 Nxd5 7. O-O O-O 8.
Re1 Bf6 9. d3 Nb6 10. Bb3 Bf5 11. Qe2 Bxd3 12. Qe3 e4 13. Nfd2 Re8 14. Qh3 Bg5
15. Qf5 Qf6 16. Qh3 Rad8 17. Na3 Na5 18. Nf1 Nxb3 19. axb3 Nd5 20. Bxg5 Qxg5 21.
Ne3 Nf4 22. Qg4 Qxg4 23. Nxg4 c6 24. Ne3 f6 25. Nac4 a6 26. g3 Nd5 27. Ng2 Nc7
28. Nce3 Ne6 29. b4 Ng5 30. Nh4 Kf7 31. Kg2 g6 32. f3 exf3+ 33. Nxf3 Be4 34. Rf1
Nxf3 35. Rxf3 Rd2+ 0-1

[Event "Challenge 4"]
[Site "http://www.queenalice.com/game.php?id=1428392"]
[Date "2016.6.21"]
[Round "-"]
[White "dhoang"]
[Black "ztnilz"]
[Result "1-0"]
[WhiteElo "2043"]
[BlackElo "1945"]

1. e4 e5 2. Nf3 Nf6 3. Nc3 d6 4. Bc4 Be7 5. O-O c6 6. h3 h6 7. d4 exd4 8. Nxd4
b5 9. Bd3 Bb7 10. a3 a5 11. Nf5 O-O 12. Bf4 b4 13. axb4 axb4 14. Rxa8 Bxa8 15.
Na4 c5 16. b3 Nxe4 17. Bxe4 Bxe4 18. Nxe7+ Qxe7 19. Bxd6 Qb7 20. Bxf8 Kxf8 21.
Qd8# 1-0

[Event "Let's Play Chess!"]
[Site "http://www.queenalice.com/game.php?id=1484731"]
[Date "2017.7.3"]
[Round "-"]
[White "igorjava"]
[Black "dhoang"]
[Result "1/2-1/2"]
[WhiteElo "1981"]
[BlackElo "2061"]

1. e4 e5 2. f4 d6 3. Nf3 Nc6 4. f5 Nf6 5. Nc3 Be7 6. Bc4 Bd7 7. a3 a6 8. b4 b5
9. Bb3 Nd4 10. Ba2 h6 11. d3 O-O 12. O-O Re8 13. Ne2 Nxe2+ 14. Qxe2 Bf8 15. Bb2
c6 16. Nd2 Qb6+ 17. Kh1 c5 18. c3 Rac8 19. Rac1 Qb7 20. c4 cxb4 21. axb4 bxc4
22. Bxc4 Qxb4 23. Bc3 Qa3 24. Nb1 Qa4 25. Nd2 Qa3 26. Nb1 Qa4 27. Bb2 Bb5 28.
Nc3 Qb4 29. Nd5 Nxd5 30. Bxd5 Bxd3 31. Qxd3 Qxb2 32. Rb1 Qc3 33. Qxc3 Rxc3 34.
Ra1 Rc7 35. Rxa6 Be7 36. Rfa1 Rec8 37. Ra8 Kf8 38. Rxc8+ Rxc8 39. h3 Ke8 40. Ra6
Rb8 41. Kh2 Rd8 1/2-1/2

[Event "Let's Play Chess!"]
[Site "http://www.queenalice.com/game.php?id=1484732"]
[Date "2017.7.3"]
[Round "-"]
[White "dhoang"]
[Black "igorjava"]
[Result "1-0"]
[WhiteElo "2058"]
[BlackElo "1643"]

1. e4 c5 2. Nf3 d6 3. d4 cxd4 4. Nxd4 Nf6 5. Nc3 a6 6. a4 e5 7. Nf3 Be7 8. Bd3
Bg4 9. h3 Bh5 10. O-O Nc6 11. Be3 O-O 12. Be2 Qc7 13. Nd2 Bxe2 14. Qxe2 Nb4 15.
Nb3 Qc6 16. f3 Rfc8 17. Rac1 Qd7 18. a5 Bd8 19. Rfd1 Qe7 20. Qd2 Bc7 21. Kh1 Ne8
22. Na4 Nc6 23. Nb6 Bxb6 24. Bxb6 Kh8 25. c4 f6 26. c5 dxc5 27. Nxc5 Nd4 28. Qe3
Rc6 29. Nb3 Nxb3 30. Rxc6 bxc6 31. Qxb3 Nc7 32. Qc4 Nb5 33. Qxc6 Qe8 34. Qb7 Nd4
35. Bxd4 exd4 36. Rxd4 Qb8 37. Qd5 h6 38. b4 Ra7 39. Qd8+ Qxd8 40. Rxd8+ Kh7 41.
Rb8 Kg6 42. b5 axb5 43. Rxb5 h5 44. h4 Kh6 45. f4 Kg6 46. Kh2 Kh6 47. e5 Kg6 48.
exf6 gxf6 49. g3 Ra6 50. Kh3 Ra7 51. g4 hxg4+ 52. Kxg4 Ra8 53. h5+ Kg7 54. Rf5
Ra6 55. Kh4 Kh6 56. Rb5 Kg7 57. Rb7+ Kh6 58. Rb6 Rxa5 59. Rxf6+ Kg7 60. Rg6+ Kh7
61. Kg4 Ra2 62. f5 Rf2 63. Kg5 Rh2 64. Rh6+ Kg7 65. f6+ Kg8 66. Rg6+ Kf8 67. Kh6
Rh3 68. Rg7 1-0

[Event "Let's Play Chess!"]
[Site "http://www.queenalice.com/game.php?id=1493549"]
[Date "2017.9.9"]
[Round "-"]
[White "dnptrs"]
[Black "dhoang"]
[Result "1-0"]
[WhiteElo "2164"]
[BlackElo "2060"]

1. d4 d5 2. Nf3 Nf6 3. g3 e6 4. Bg2 Be7 5. Bf4 O-O 6. O-O h6 7. b3 Nbd7 8. c4 c5
9. Qc2 cxd4 10. cxd5 Nxd5 11. Nbd2 Nxf4 12. gxf4 Nf6 13. Qb2 Bc5 14. Rac1 Bb6
15. Nc4 Rb8 16. Rfd1 Nd5 17. Nxb6 Qxb6 18. Rxd4 1-0